Core Java : (Record no. 4697)
[ view plain ]
| 000 -LEADER | |
|---|---|
| fixed length control field | 00527cam a2200205ua 4500 |
| 008 - FIXED-LENGTH DATA ELEMENTS--GENERAL INFORMATION | |
| fixed length control field | 131002n ii |||gr||||Z||||||eng |
| 020 ## - INTERNATIONAL STANDARD BOOK NUMBER | |
| International Standard Book Number | 978-81-317-1945-9 |
| 040 ## - CATALOGING SOURCE | |
| Transcribing agency | MAIN |
| 082 ## - DEWEY DECIMAL CLASSIFICATION NUMBER | |
| Classification number | 005 |
| 245 ## - TITLE STATEMENT | |
| Title | Core Java : |
| Remainder of title | Volume I-Fundamentals / |
| Statement of responsibility, etc. | by Cay S.Horstmann . |
| 250 ## - EDITION STATEMENT | |
| Edition statement | 8th ed. |
| 260 ## - PUBLICATION, DISTRIBUTION, ETC. | |
| Place of publication, distribution, etc. | Delhi: |
| Name of publisher, distributor, etc. | Pearson, |
| Date of publication, distribution, etc. | 2011. |
| 300 ## - PHYSICAL DESCRIPTION | |
| Extent | xviii,836p. |
| 700 ## - ADDED ENTRY--PERSONAL NAME | |
| Personal name | Horstmann,Cay S., |
| Relator term | |
| 700 1# - ADDED ENTRY--PERSONAL NAME | |
| Personal name | Cornell,Gary, |
| Relator term | |
| 942 ## - ADDED ENTRY ELEMENTS (KOHA) | |
| Koha item type | Books |
| 653 ## - INDEX TERM--UNCONTROLLED | |
| Uncontrolled term | Computer science |
| 653 ## - INDEX TERM--UNCONTROLLED | |
| Uncontrolled term | Core Java |
| Withdrawn status | Lost status | Damaged status | Not for loan | Home library | Current library | Shelving location | Date acquired | Total Checkouts | Full call number | Barcode | Date last seen | Copy number | Price effective from | Koha item type |
|---|---|---|---|---|---|---|---|---|---|---|---|---|---|---|
| Central Library, Naharkatiya College | Central Library, Naharkatiya College | General Stacks | 19/09/2020 | 005 | HOR | 21244 | 19/09/2020 | 1 | 19/09/2020 | Books | |||||
| Central Library, Naharkatiya College | Central Library, Naharkatiya College | General Stacks | 19/09/2020 | 005 | HOR | 21245 | 19/10/2022 | 2 | 19/09/2020 | Books |
